富山県の戦前市制・町制 - Statistics

General Stats
  • This quiz has been taken 117 times
  • The average score is 28 of 37
Answer Stats
施行日 施行内容 所属郡 回答 % Correct
1889.04.01 市制 (市) 富山市
100%
1889.04.01 市制 (市) 高岡市
100%
1889.04.01 町制 下新川郡 魚津町
97%
1889.04.01 町制 射水郡 新湊町
95%
1889.04.01 町制 上新川郡 滑川町
92%
1889.04.01 町制 射水郡 小杉町
92%
1889.04.01 町制 射水郡 氷見町
92%
1889.04.01 町制 上新川郡 上市町
90%
1889.04.01 町制 婦負郡 八尾町
90%
1889.04.01 町制 砺波郡 城端町
90%
1942.06.01 町制 婦負郡 婦中町
90%
1889.04.01 町制 下新川郡 入善町
89%
1889.04.01 町制 射水郡 大門町
89%
1889.04.01 町制 砺波郡 福光町
87%
1889.04.01 町制 砺波郡 福野町
85%
1889.04.01 町制 砺波郡 石動町
85%
1889.04.01 町制 下新川郡 泊町
82%
1889.04.01 町制 砺波郡 福岡町
81%
1889.04.01 町制 下新川郡 生地町
76%
1889.04.01 町制 射水郡 伏木町
74%
1889.04.01 町制 下新川郡 三日市町
73%
1889.04.01 町制 砺波郡 出町
73%
1889.04.01 町制 砺波郡 井波町
71%
1889.04.01 町制 砺波郡 戸出町
71%
1939.04.01 町制 上新川郡 大沢野町
71%
1889.04.01 町制 上新川郡 五百石町
69%
1889.04.01 町制 婦負郡 四方町
60%
1889.04.01 町制 上新川郡 西水橋町
58%
1889.04.01 町制 上新川郡 東水橋町
58%
1889.04.01 町制 上新川郡 東岩瀬町
55%
1889.04.01 町制 砺波郡 中田町
53%
1889.04.01 町制 上新川郡 上滝町
52%
1889.04.01 町制 下新川郡 舟見町
52%
1889.04.01 町制 上新川郡 新庄町
47%
1913.12.01 町制 上新川郡 大久保町
44%
1889.04.01 町制 砺波郡 津沢町
42%
1931.04.01 町制 上新川郡 堀川町
39%
No matching quizzes found
Score Distribution
Percent of People with Each Score
Percentile by Number Answered
Your Score History
You have not taken this quiz